| 000 | 00932nam a2200337 a 4500 | ||
|---|---|---|---|
| 999 |
_c9088 _d9088 |
||
| 001 | 9088 | ||
| 003 | BD-JhCC | ||
| 005 | 20211110134022.0 | ||
| 008 | 180308s1963 mau 000 0 eng d | ||
| 035 | _aMITb10525514 | ||
| 035 | _aBD-JhCC)9088 | ||
| 035 | _aGLIS00525514 | ||
| 040 |
_aBD-JhCC _cYNG _dBD-JhCC _dSER _dOCL _dRCD |
||
| 041 | _aeng | ||
| 050 | 0 |
_aPN1064 _b.G5 |
|
| 082 | _bGIB 1963 | ||
| 090 |
_aPN1064 _b.G451 |
||
| 099 | _aPN1064.G451 | ||
| 100 | 1 | _aGibson, W. Walker. | |
| 245 | 1 | 0 |
_aPoems in the making / _cW. Walker Gibson, |
| 260 |
_aBoston, _bHoughton Mifflin _c[1963] |
||
| 300 |
_a244 p. _c21 cm. |
||
| 490 | 1 | _aLiterature in the making | |
| 650 | 0 | _aPoetry. | |
| 650 | 0 | _aCreation (Literary, artistic, etc.) | |
| 650 | 0 |
_aEnglish poetry _xHistory and criticism. |
|
| 830 | 0 | _aLiterature in the making. | |
| 942 |
_2ddc _cBK _02 |
||
| 949 | _aMYGH | ||